000 00531nam a2200181Ia 4500
005 20250508153506.0
008 008 250505s9999 xx 000 0 eng d
037 _aReference
040 _aFEDL
_beng
_cFEDL
041 _aeng
_2eng
084 _a616.03, IND
_qFEDL
245 2 _aA provisional list of technical terms in hindi: Medicine 3. Part 1
245 0 _cGovernment of India. Education (Ministry of...)
260 _c1959
300 _avi,119p.
942 _cREF
_h616.03, IND
999 _c1343228
_d1343228